Villes d'Europe de A à Z - Statistiques

Statistiques générales
  • Ce quiz a été pris 24 754 fois
  • Le résultat moyen est 17 sur 26
Statistiques - réponses
Indice Ville % Correct
A Connue des touristes pour ses canaux et son cannabis Amsterdam
96%
E Capitale écossaise Édimbourg
86%
N La pizza en serait originaire Naples
86%
O S'y trouve une prestigieuse université anglaise Oxford
83%
G Centre d'une agglomération franco-suisse Genève
81%
W Lieu de la dernière défaite de Napoléon Waterloo
80%
T La Juventus y a ses quartiers Turin
79%
C Son nom local est København Copenhague
78%
H Deuxième capitale la plus au nord après Reykjavík Helsinki
77%
Z Plus grande ville de Suisse Zurich
76%
V L'URSS et d'autres pays communistes y ont signé un "pacte" Varsovie
74%
Q Préfecture du Finistère Quimper
73%
F Centre financier d'Allemagne et siège de la BCE Francfort
72%
L Ville belge surnommée la "Cité Ardente" Liège
70%
R Capitale de la Lettonie Riga
69%
M On peut déambuler sur sa Place Rouge Moscou
68%
P La plus peuplée en Sicile Palerme
63%
K Capitale traversée par le Dniepr Kiev
58%
D Les ducs de Bourgogne y créchaient Dijon
57%
S Ville des Balkans qui a accueilli les JO en 1984 Sarajevo
53%
Y Ville historique du nord de l'Angleterre York
47%
U Ville néerlandaise du centre du pays Utrecht
43%
X Ville andalouse célèbre pour son vinaigre Xérès
43%
B Anciennement, capitale d'Allemagne de l'Ouest Bonn
36%
I Ville autrichienne dominée par un tremplin de saut à ski Innsbruck
35%
J Ville andalouse qui se proclame capitale de l'huile d'olive Jaén
10%
Aucun quiz correspondant
Distribution des résultats
% des personnes avec chaque résultat
Percentile par nombre de réponses
Votre historique - résultats
Vous n’avez pas pris ce quiz